000 00627nam a2200205Ia 4500
001 22609
003 GE_BSU
008 181216s||||||||xx |||||||||||||| ||und||
040 _cGE_BSU
245 _aАзия и Африка сегодня. № 4. (729) 2018
245 _bЕжемесячный научный журнал
245 _cГл.ред.Васильев А.В.
260 _aМосква
260 _c2018
300 _a80стр. 29см. илл.
653 _aАзия и Африка сегодня. № 4. (729) 2018
653 _aПериодика
653 _aპერიოდიკა
942 _cCR
999 _c55527
_d55527